[Event "FIDE Online Steinitz Memorial Open"]
[Site "Internet"]
[Date "2020.05.17"]
[Round "16"]
[White "Bu, Xiangzhi"]
[Black "Carlsen, Magnus"]
[Result "0-1"]
[WhiteElo "2760"]
[BlackElo "2887"]
[Annotator "TA"]
[PlyCount "84"]
[EventDate "2020.05.15"]
[EventType "tourn"]
[SourceTitle "playchess.com"]
[Source "ChessBase"]
[SourceQuality "1"]

{[%evp 19,84,10,17,-8,-6,-27,-27,-32,-16,-32,-34,-33,-24,-35,-34,-57,-39,-77,-62,-70,-73,-68,-68,-73,-87,-91,-97,-106,-101,-128,-125,-128,-125,-106,-99,-99,-99,-104,-97,-123,-89,-278,-276,-243,-243,-245,-81,-81,-81,-81,-81,-1115,-1062,-29988,-29989,-29989,-29990,-29990,-29982,-29996,-11897,-12798,-12365,-29979,-29980,-29994,-29995]} 1. Nf3 d5 2. d4 Nf6 3. c4 c6 4. Nc3 e6 5. e3 Nbd7 6. Qc2 Bd6 7. Be2 dxc4 8. Bxc4 b5 9. Be2 Bb7 10. O-O O-O 11. b3 {D46: Semi-Slav: 5 e3 Nbd7 6 Bd3, Black avoids the Meran.} a6 12. Bb2 c5 13. dxc5 {Black has an edge.} Bxc5 14. Rfd1 {[#]} Rc8 $5 $146 {[%mdl 8] An interesting novelty.} ({Predecessor:} 14... Qe7 15. Rac1 Rac8 16. Qb1 Nb6 17. Ng5 h6 18. Nge4 Nxe4 19. Nxe4 Bxe4 20. Qxe4 Nd5 21. Bf3 Ba3 {½-½ (58) Oliveira,A-Thilaganathan,J (1929) Kemer 2007}) 15. a3 Qe7 16. b4 Bd6 17. Qb3 Ng4 18. h3 Nge5 19. Nxe5 Nxe5 20. Rd4 Bb8 21. Ne4 Bd5 22. Qd1 Nc6 23. Rxd5 exd5 24. Qxd5 {[#]} Rfd8 $1 $40 {[%cal Rd8d5][%mdl 128] Black is out for blood.} 25. Qf5 Be5 26. Bxe5 Nxe5 27. Nc5 g6 28. Qe4 Qf6 {Strongly threatening ...Nf3+!} 29. Re1 Rd2 30. f4 $2 (30. Qb1 $17) 30... Nc4 {And now ...Qh4 would win.} 31. Bxc4 bxc4 32. Qxc4 {[#]} Qc6 $2 (32... Qb2 $1 $19 {[%mdl 512] and Black stays clearly on top.} 33. Qe4 Qxa3) 33. Re2 $17 Rcd8 34. Kf2 a5 35. b5 $2 {[%mdl 8192]} (35. Qe4 $17 Qxe4 36. Nxe4) 35... Rxe2+ $19 {[%mdl 64] Overworked Piece} 36. Kxe2 Qxg2+ {[%mdl 4160] Endgame Double Attack. KQR-KQN} 37. Ke1 Qd2+ {[%mdl 64] Double Attack} 38. Kf1 Qxe3 {[%mdl 64] Double Attack} 39. Ne4 Rd1+ (39... Qf3+ $142 40. Kg1 Rd1+ 41. Qf1 Rxf1+ 42. Kh2 Rh1#) 40. Kg2 {[#]} Rd4 $1 41. Qc8+ {[#]} Kg7 $1 42. Nf2 {[#]} Rd2 $1 {Accuracy: White = 62%, Black = 78%.} 0-1

[Event "FIDE Online Steinitz Memorial Open"]
[Site "Internet"]
[Date "2020.05.17"]
[Round "16"]
[White "Xiong, Jeffery"]
[Black "Dubov, Daniil"]
[Result "1-0"]
[WhiteElo "2724"]
[BlackElo "2720"]
[Annotator "TA"]
[PlyCount "101"]
[EventDate "2020.05.15"]
[EventType "tourn"]
[SourceTitle "playchess.com"]
[Source "ChessBase"]
[SourceQuality "1"]

{[%evp 12,101,23,14,19,12,37,15,31,22,17,24,25,22,22,10,22,25,10,9,35,22,27,8,16,16,16,21,56,11,14,-32,-40,-117,-71,-63,0,-203,0,0,0,-9,-2,-24,0,0,0,0,0,0,0,0,0,0,0,-56,0,0,13,0,102,0,98,0,27,0,84,16,16,16,69,70,374,373,4682,932,510,300,316,315,307,307,29974,29975,29974,29975,29975,29976,29976,29977,29975,29974]} 1. d4 Nf6 2. c4 e6 3. Nc3 Bb4 4. Nf3 d5 5. Qa4+ Nc6 6. cxd5 exd5 7. Bg5 O-O {D38: Queen's Gambit Declined: Ragozin Defence (4 Nf3 Bb4).} 8. e3 Be7 9. Be2 {[#]} h6 $146 {The position is equal.} ({Predecessor:} 9... Be6 10. O-O h6 11. Bxf6 Bxf6 12. b4 a6 13. a3 Ne7 14. Qc2 c6 15. Na4 Bf5 {½-½ (68) Brattain,M (2357)-Liang,A (2404) Saint Louis 2015}) 10. Bh4 Ne4 11. Bxe7 Nxe7 12. Nxe4 dxe4 13. Nd2 f5 14. O-O Be6 15. Rac1 Kh7 16. g3 Nd5 17. Nb3 b6 18. Nd2 a5 19. a3 Qg5 {White should prevent ...Nxe3!} 20. Kh1 Rad8 21. Qd1 {[#]} c5 $1 {[%mdl 512]} 22. h4 (22. dxc5 $15 Nxe3 23. fxe3 Qxe3 {[%mdl 64] Double Attack} 24. Rc2) 22... Qf6 23. dxc5 Qxb2 (23... f4 $1 $15 24. Nxe4 Qxb2) 24. Qc2 $2 (24. Nc4 $11 {and White is okay.} Qf6 25. Qd4) 24... Qxc2 $2 (24... Qxa3 $19 {Threatens to win with ...Nb4.} 25. Bc4 Qxc5) 25. Rxc2 $11 bxc5 26. Nc4 a4 27. Nb2 Ra8 28. Rxc5 Rfb8 29. Bc4 Rxb2 30. Bxd5 Bxd5 31. Rxd5 {[%mdl 4096] Endgame KRR-KRR} Kg6 {Hoping for ...Ra2.} 32. Kg2 Rc8 33. Rd4 (33. h5+ $11 Kxh5 34. Rxf5+ Kg6 35. Ra5) 33... Rcc2 (33... Rc3 $1 $15) 34. Rxa4 Ra2 35. Ra5 Rcb2 {[#]} (35... h5 $11) 36. a4 (36. h5+ $1 $16 {[%mdl 512]} Kf6 (36... Kxh5 37. Rxf5+) 37. g4 $1 {[%mdl 512]}) 36... Rc2 (36... h5 $11) 37. Kg1 (37. h5+ $1 $16 Kxh5 38. Rxf5+ Kg6 39. Rf4) 37... Rcb2 {[#]} 38. Kg2 ({Better is} 38. h5+ $1 $11 {[%mdl 512]} Kg5 (38... Kxh5 39. Rxf5+) 39. Ra7) 38... Rc2 $16 {[#]} 39. g4 ({White should play} 39. h5+ $1 $16 Kg5 {[#]} 40. g4 $1 {[%mdl 512]}) 39... fxg4 $11 40. h5+ Kf6 (40... Kh7 $11) 41. Kg3 $14 g6 $2 {[%mdl 8192] Now Black is done in.} ({Black should try} 41... Rab2 $14) 42. Ra6+ $18 Kg5 $2 (42... Kf7 43. Rxg6 Rxa4) 43. Rxg6+ (43. hxg6 $142 Rxa4 44. g7) 43... Kf5 44. Rxg4 Rxa4 45. Rb1 Rc5 46. Rb6 Ke5 $2 (46... Rca5 $18 47. Rxh6 Ra1) 47. Rxh6 {[%cal Rg4g5] White mates.} Kd5 48. Rg5+ Kc4 49. Rxc5+ Kxc5 50. Rh8 Ra1 51. h6 {Accuracy: White = 69%, Black = 52%.} 1-0

[Event "FIDE Online Steinitz Memorial Open"]
[Site "Internet"]
[Date "2020.05.17"]
[Round "16"]
[White "Korobov, Anton"]
[Black "Mamedyarov, Shakhriyar"]
[Result "1-0"]
[WhiteElo "2667"]
[BlackElo "2716"]
[Annotator "TA"]
[PlyCount "109"]
[EventDate "2020.05.15"]
[EventType "tourn"]
[SourceTitle "playchess.com"]
[Source "ChessBase"]
[SourceQuality "1"]

{[%evp 10,109,23,0,7,0,15,0,10,8,14,-8,0,0,0,0,15,16,21,9,4,4,7,8,10,2,37,35,23,22,51,35,36,36,160,160,181,179,179,161,163,157,190,187,187,128,128,123,149,90,158,117,171,171,165,108,239,157,164,114,210,137,107,90,141,142,121,33,304,226,372,233,233,189,181,188,190,112,325,268,221,12,12,8,8,0,0,-505,0,0,0,0,1132,838,29976,29977,29983,29984,29988,29989,29989,29990]} 1. d4 d5 2. Bf4 Nf6 3. Nf3 Bf5 4. e3 e6 5. Bd3 Bg6 6. Ne5 Bxd3 {D02: 1 d4 d5 2 Nf3 sidelines, including 2...Nf6 3 g3 and 2...Nf6 3 Bf4.} 7. cxd3 c6 8. Nd2 (8. O-O {is more complex.} Bd6 9. Nc3 O-O 10. Rc1 Ne8 11. Na4) 8... Bd6 {The position is equal.} 9. O-O O-O {[#]} 10. Qf3 $146 ({Predecessor:} 10. Rc1 Na6 11. a3 c5 12. Ndf3 Rc8 13. Re1 b6 14. Qa4 Nc7 15. Nc6 Qd7 16. Bxd6 Qxd6 17. dxc5 bxc5 {1-0 (35) Ong,A (1361)-Hardwick,M (1122) ICCF email 2018}) 10... Qc7 11. Qh3 Nbd7 {[%cal Rd7e5]} 12. Ndf3 Rfe8 13. g4 {Hoping for g5.} Nf8 14. g5 $36 {[%mdl 2048] Black is under pressure.} N6d7 15. Qg3 Nxe5 16. dxe5 Be7 17. h4 a5 18. h5 a4 19. Nh2 {[%cal Bf3h2,Bh2g4,Bg4f6][%mdl 32]} Qb6 20. Rab1 Kh8 21. Ng4 Qd8 {[#]} (21... Nd7 $14) 22. Nf6 $1 $16 {[%mdl 512]} Nd7 (22... Bxf6 23. gxf6) 23. Nxe8 Qxe8 24. Rfc1 c5 25. e4 d4 26. b3 axb3 27. Rxb3 (27. axb3 $18 Ra3 28. Qg4) 27... b6 28. Rc2 Ra4 29. Kg2 (29. Bc1 $142) 29... Bd8 ({Black should play} 29... g6) 30. Bd2 Kg8 (30... Bc7 $16 {was necessary.}) 31. f4 $18 Be7 32. f5 (32. Rbb2 $18) 32... Qa8 (32... c4 $16) 33. f6 Bf8 34. Rbb2 c4 {White should prevent ...c3.} 35. Rxc4 Rxc4 36. dxc4 Qxe4+ 37. Qf3 Qxe5 38. Rb5 (38. fxg7 $16 Bxg7 39. Bc1) 38... Bc5 $2 {[%mdl 8192]} (38... Qc7 $14) 39. fxg7 Kxg7 (39... Qxg7 $142 40. a4 Qf8) 40. h6+ Kg6 41. Qd3+ Qf5 {[#]} 42. Qxf5+ $1 Kxf5 {[%mdl 4096] Endgame KRB-KBN} 43. a4 ({Better is} 43. Bb4 $18) 43... Ke4 $2 (43... e5 $16) 44. a5 bxa5 {[#] ...a4 is the strong threat.} 45. Bxa5 $2 (45. g6 $1 $18 {[%cal Rg6h7]} fxg6 46. Bxa5) 45... d3 $1 $11 46. Rb7 Ne5 47. Bc3 Bd4 $1 {[%cal Rd4c3]} 48. Bxd4 $2 {[%mdl 8192]} (48. Bb4 $11 {and White stays safe.}) 48... Kxd4 $2 {KR-KN} ({Black should try} 48... d2 $19 49. Bxe5 d1=Q) 49. Kf2 {Threatens to win with c5!} Kc3 50. Ra7 {Black must now prevent c5.} d2 $2 {[%mdl 8192]} (50... Ng4+ $11 51. Kf3 (51. Ke1 $2 d2+ 52. Ke2 Nf2 $19) 51... d2) 51. Ke2 $18 Nxc4 52. Rxf7 {White mates.} Ne5 53. Rxh7 Nc4 54. Rc7 e5 {[#]} 55. Rxc4+ $1 {[%mdl 576] Promotion. Accuracy: White = 62%, Black = 58%.} 1-0

[Event "FIDE Online Steinitz Memorial Open"]
[Site "Internet"]
[Date "2020.05.17"]
[Round "16"]
[White "Anton Guijarro, David"]
[Black "Le, Quang Liem"]
[Result "1/2-1/2"]
[WhiteElo "2590"]
[BlackElo "2690"]
[Annotator "TA"]
[PlyCount "226"]
[EventDate "2020.05.15"]
[EventType "tourn"]
[SourceTitle "playchess.com"]
[Source "ChessBase"]
[SourceQuality "1"]

{[%evp 9,226,35,33,36,39,8,47,23,26,12,2,0,19,4,24,6,18,18,32,25,38,8,19,0,0,-9,-24,-28,-15,-46,0,0,0,-152,-160,-176,-157,-220,-159,-205,-108,-177,-93,-95,0,-49,-6,-6,-6,-5,-5,-5,-5,-8,-3,-64,-5,-75,-54,-136,52,52,114,114,148,152,158,158,133,133,202,202,195,133,323,86,86,86,91,16,16,16,474,474,444,381,337,288,387,208,29957,29959,29969,29970,29970,29971,29972,29958,29961,29962,29960,29961,29962,29963,29961,29964,29963,29965,29959,29963,29964,17,24,24,44,60,29948,29947,29948,29947,29941,29945,29942,29945,29953,29945,29943,29950,29947,29951,29950,29952,29942,29943,29955,11383,759,0,29957,29957,29959,29957,29958,0,0,0,29958,29958,29956,29956,29960,29960,29960,29960,29959,29960,29963,29963,29964,29963,29968,29969,29970,29966,29970,29967,29967,29961,29954,12566,29960,7145,29971,29972,29976,29979,29981,5693,29970,29972,11383,9284,6410,0,0,0,6150,0,5777,5722,5692,5681,5659,0,0,0,5652,0,0,0,0,0,0,0,0,0,0,0,0,0,0,0,0,0,0,0,0,0,0]} 1. Nf3 c5 2. c4 Nc6 3. Nc3 e5 4. e3 f5 5. d4 e4 $1 {[%cal Re4f3]} 6. Ng1 {A35: Symmetrical English: 2 Nc3 Nc6 3 Nf3.} Nf6 7. Nh3 d6 8. Nf4 {[#] White is slightly better.} g6 $146 ({Predecessor:} 8... Be7 9. Be2 O-O 10. O-O g5 11. Nfd5 Nxd5 12. cxd5 Nb8 13. dxc5 dxc5 14. Bc4 Bd6 {0-1 (43) Ramirez,B (2201)-Panesso Rivera,H (2339) Medellin 2012}) 9. h4 Bh6 {aiming for ...Bxf4.} 10. Ncd5 O-O 11. Be2 b6 12. g3 Nxd5 13. cxd5 Ne7 14. dxc5 bxc5 15. Bc4 Rb8 16. b3 Bg7 17. Rb1 Qa5+ 18. Bd2 $1 {[%cal Rd2a5]} Qxa2 19. O-O Be5 (19... Ba6 $5 {[%cal Ra6c4]} 20. Ne6 Rfc8 $15) 20. Qc1 Ba6 $36 {[%mdl 2048] White is under pressure.} 21. Bxa6 $2 (21. Ne6 $11) 21... Qxa6 $17 22. Bc3 Bxf4 $1 23. gxf4 (23. exf4 $17 Nxd5 24. Rd1 Nxc3 25. Qxc3) 23... Nxd5 24. Ba1 Nf6 (24... Kf7 $1 $19 {White must now prevent ...Qe2.} 25. Qd2 Nb4) 25. Rd1 (25. Qd2 $17 {keeps fighting.}) 25... Rb4 (25... Rb6 $19 26. Qc4+ Qxc4 27. bxc4 Ne8 28. Rxb6 axb6) 26. Qd2 d5 (26... Rb6 $17 27. b4 Qb7 28. Qa2+ Qf7) 27. Bc3 Rb5 {Strongly threatening ...Rf7.} 28. Ra1 Qb7 (28... Qe6 {is interesting.} 29. Bxf6 Rxf6 30. Qxd5 Qxd5 31. Rxd5 Rf7) 29. Bxf6 Rxf6 30. Qxd5+ Qxd5 31. Rxd5 $11 {[%mdl 4096] Endgame KRR-KRR} Rf7 32. Ra6 (32. b4 $11) 32... Kg7 (32... Rc7 $15 33. Ra3 Kf7) 33. Kg2 (33. h5 $1 $11 {remains equal.}) 33... Kh6 34. Rc6 (34. b4 $15) 34... Rfb7 $2 ({Black should try} 34... Rxb3 $17 {...Rb1 is the strong threat.} 35. Rdxc5 Rb1) 35. Rxf5 $1 $14 R7b6 ({Better is} 35... Rc7 $14 36. Rh5+ (36. Rxc7 gxf5 37. Rc6+ Kg7 $16) 36... Kxh5 37. Rxc7 Kh6) 36. Rfxc5 $16 Rxc5 37. Rxc5 Rxb3 {KR-KR} 38. Ra5 Rb7 39. Kg3 Re7 (39... Rd7 $16 {is a better defense.} 40. Re5 Rb7) 40. h5 $18 Kg7 41. Kg4 (41. hxg6 $18 hxg6 42. Ra4) 41... Kf6 $2 (41... Kf7 $16 {was called for.} 42. hxg6+ hxg6) 42. h6 $2 (42. Ra6+ $18 {and White stays clearly on top.} Re6 43. Rxa7) 42... Kf7 43. Ra6 Rc7 44. f5 (44. Kg5 $16) 44... gxf5+ $11 45. Kxf5 Rc2 $2 {[%mdl 8192]} (45... Re7 $11 {and Black is okay.}) 46. Rxa7+ $18 Kg8 47. Rg7+ Kh8 48. Rg2 $1 ({Less strong is} 48. Kxe4 Rxf2 49. Re7 Kg8 $16) 48... Rc6 49. Kxe4 (49. Rh2 $142) 49... Rxh6 $2 (49... Rc4+ $18 50. Kf5 Rf4+ 51. Kg5 Rf5+ 52. Kg4 Rh5) 50. f4 Re6+ 51. Kf3 h5 52. f5 Rh6 53. Kf4 h4 54. Rh2 Kg7 55. Kg5 h3 56. e4 Rh8 57. e5 Kf7 58. Kg4 Rg8+ 59. Kxh3 Rg1 60. Rg2 $2 (60. Rb2 Rh1+ 61. Kg2 Re1 62. Rb7+ Ke8 63. Rb5 Re3 64. Kf2 Rh3 65. f6) 60... Re1 $11 61. e6+ Kf6 62. Rf2 {And now Kg2 would win.} Re4 $2 {[%mdl 8192]} (62... Rg1 $14) 63. Kg3 Re3+ 64. Kf4 Re5 65. Kg4 Re4+ 66. Rf4 Re5 67. Rf1 Re4+ 68. Kg3 Re3+ 69. Rf3 Re4 70. Kf2 Re5 71. Rf4 Ra5 72. Kf3 (72. Ke2 $142 Ra2+ 73. Kd3 Ra3+ 74. Kd4 Ra4+ 75. Ke3 Ra3+ 76. Kd2 Ra8 77. Rf3) 72... Re5 $18 73. Kf2 $2 (73. Kg2 $18 Ra5 74. Kg3) 73... Rb5 $2 {[%mdl 8192]} (73... Ra5 $11 74. Ke2 Ra2+ 75. Ke3 Ra8) 74. Ke3 Rb3+ 75. Kd2 Ra3 76. Re4 $2 (76. Rf1 {mates} Rg3 77. Ke2 Rc3 78. Rf3 Rc8 79. Kd3 Ra8 80. Rf1 Ke5 81. Kc4 Rc8+ 82. Kb5) 76... Ra8 $1 $11 77. Rf4 $2 {[%mdl 8192]} (77. Kd3 $11 Kxf5 78. Re2 (78. e7 Re8 $11)) 77... Ra3 78. Rf1 Rb3 79. Kc2 Re3 80. Rf2 Ra3 81. Kd2 Rb3 82. Ke2 Ra3 83. Rf3 Ra4 84. Ke3 Rb4 85. Rf2 Ra4 86. Kd3 Rb4 87. Kc3 Re4 88. Rf3 Ra4 89. Kd3 Rb4 90. Re3 (90. Rf1 $142 Rb3+ 91. Kd4 Rb8 92. Re1 Ra8 93. Kd5 Ke7 94. Ke5 Ra5+ 95. Kf4) 90... Rb8 91. Kd4 Rd8+ 92. Kc5 Ke7 93. Rh3 (93. f6+ $142 Kxf6 94. e7 Rc8+ 95. Kd6 Re8 96. Kd7 Rh8 97. e8=Q Rxe8 98. Rxe8) 93... Rc8+ 94. Kd5 Kf6 95. Rh6+ Kg5 96. Rh7 $2 ({White should play} 96. Rh2 $18 {Threatens to win with e7.} Kf6 97. Re2) 96... Kxf5 97. e7 {White threatens Rf7+ and mate.} Kg6 $2 {[%mdl 8192]} (97... Kf6 $11) 98. Rh1 $2 (98. Rh4 $18 Kf6 99. Kd6) 98... Kf7 $2 {[%mdl 8192]} (98... Ra8 $11) 99. Kd6 $1 $18 Ra8 100. Rf1+ Kg7 {[#]} 101. Rc1 $2 (101. Ra1 $1 $18 {[%cal Ra1a8][%mdl 512]} Rxa1 102. e8=Q Rd1+ 103. Kc6 Rc1+ 104. Kd6 Rd1+ 105. Kc6 Rc1+ 106. Kd6 Rd1+) 101... Kf7 $1 $11 102. Rf1+ $2 {[%mdl 8192]} (102. Rc7 $11) 102... Kg7 $18 {[#] intending ...Ra6+.} 103. Kc6 $2 (103. Ra1 $1 $18 {[%cal Ra1a8][%mdl 512]} Rxa1 104. e8=Q Rd1+ 105. Kc6 Rc1+ 106. Kb6 Rb1+ 107. Kc7 Rc1+ 108. Kd6 Rd1+ 109. Kc6 Rc1+ 110. Kd6 Rd1+) 103... Ra6+ $1 $11 {The position is equal.} 104. Kc7 Ra7+ $1 105. Kd6 Ra6+ 106. Ke5 Ra5+ 107. Ke6 Ra6+ 108. Kd5 Ra5+ $1 109. Kc6 Ra6+ $1 110. Kb7 Re6 111. Kc7 {Threatening mate with Kd7.} Rxe7+ 112. Kd6 Rf7 113. Rxf7+ Kxf7 {White used his chance. Accuracy: White = 67%, Black = 62%.} 1/2-1/2

[Event "FIDE Online Steinitz Memorial Open"]
[Site "Internet"]
[Date "2020.05.17"]
[Round "17"]
[White "Carlsen, Magnus"]
[Black "Dubov, Daniil"]
[Result "1/2-1/2"]
[WhiteElo "2887"]
[BlackElo "2720"]
[Annotator "TA"]
[PlyCount "80"]
[EventDate "2020.05.15"]
[EventType "tourn"]
[SourceTitle "playchess.com"]
[Source "ChessBase"]
[SourceQuality "1"]

{[%evp 11,80,31,31,29,41,33,42,35,55,32,46,27,37,20,39,26,41,16,15,25,42,27,65,52,60,50,63,70,66,55,56,39,83,47,53,52,52,47,47,52,69,-12,-10,-4,-16,-5,33,23,18,23,23,20,27,0,4,4,4,3,2,2,0,0,0,3,3,3,4,0,0,0,0]} 1. e4 e5 2. Nf3 d6 3. d4 exd4 4. Nxd4 Nf6 5. Nc3 Be7 6. g3 O-O 7. Bg2 {C41: Philidor Defence.} Re8 8. O-O Nbd7 {[%cal Bb8d7,Bd7e5,Be5g6][%mdl 32]} 9. Re1 {White is slightly better.} a5 {[#]} 10. Bf4 $146 ({Predecessor:} 10. Be3 Bf8 11. h3 Nc5 12. Bf4 a4 13. Qd2 h6 14. e5 dxe5 15. Bxe5 Nce4 16. Bxe4 Rxe5 {½-½ (38) Thierry,R (2326)-Van Tricht,M (2385) ICCF email 2015}) 10... Bf8 11. Qd2 Ne5 12. b3 Ng6 13. Be3 h6 14. h3 Bd7 15. f4 c6 16. a4 Qc7 17. Rad1 Rad8 18. Bf2 Qc8 19. Kh2 Qc7 20. Nf3 d5 {[%cal Rd5e4]} 21. exd5 {Strongly threatening d6.} Rxe1 22. Bxe1 Be6 23. Nd4 Bxd5 $1 24. Nxd5 Nxd5 25. Nf5 Qc8 26. Qxa5 ({White should try} 26. Qd3 $14) 26... b6 $11 27. Qd2 $1 Qxf5 28. c4 $1 {[%cal Rc4d5]} Bb4 29. Qf2 ({Reject} 29. Qxb4 Nxb4 30. Rxd8+ Kh7 $17) 29... Bxe1 $1 ({But not} 29... Bc5 $6 30. Qe2 $16) 30. Qxe1 Qc2 31. cxd5 cxd5 32. b4 d4 {The position is equal.} 33. a5 bxa5 34. bxa5 {[#] And now a6 would win.} d3 35. Qd2 {Qxc2 is the strong threat.} Qa4 36. Bf1 Rd5 37. Bxd3 {aiming for a6.} Qxa5 38. Qxa5 Rxa5 39. Bxg6 fxg6 40. h4 h5 {Accuracy: White = 86%, Black = 88%.} 1/2-1/2

[Event "FIDE Online Steinitz Memorial Open"]
[Site "Internet"]
[Date "2020.05.17"]
[Round "17"]
[White "Svidler, Peter"]
[Black "Bu, Xiangzhi"]
[Result "1-0"]
[WhiteElo "2754"]
[BlackElo "2760"]
[Annotator "TA"]
[PlyCount "33"]
[EventDate "2020.05.15"]
[EventType "tourn"]
[SourceTitle "playchess.com"]
[Source "ChessBase"]
[SourceQuality "1"]

{[%evp 9,33,9,17,0,175,182,250,217,323,319,418,411,416,408,389,380,377,301,313,304,450,456,529,535,1141,1129]} 1. e4 e5 2. Bc4 Nf6 3. d3 c6 4. Nf3 d5 (4... Be7 5. Bb3 d6 6. O-O O-O 7. Nbd2 Nbd7 8. c3 Nc5 9. Bc2 Bg4 10. Nc4 Bh5 11. Ne3 d5 12. Nf5 Re8 13. Qe2 Bf8 14. h3 Qc7 {½-½ (35) Svidler,P (2751)-Bu,X (2710) Tbilisi 2017}) 5. Bb3 a5 {White must now prevent ...a4.} 6. Nc3 {C24: Bishop's Opening: 2...Nf6.} ({Wrong is} 6. Nxe5 $2 a4 $19) 6... d4 $2 (6... Bb4 $11 7. a3 (7. Nxe5 $2 a4 $19) 7... Bxc3+ 8. bxc3 a4) 7. Nxe5 $18 dxc3 (7... Be6 $142) 8. Nxf7 {[%mdl 64] [#] Double Attack. White is clearly better.} (8. Bxf7+ Ke7 $11) 8... Qe7 $146 (8... Bb4 $142 9. Nxd8 cxb2+ 10. Bd2 bxa1=N) ({Predecessor:} 8... Qc7 9. Nxh8 Bb4 10. O-O a4 11. Bf7+ Kf8 12. bxc3 Bxc3 13. Ba3+ c5 14. d4 g6 {1-0 (26) Moiseenko,V (2526)-Guimaraes,D (2322) Moscow 2019}) 9. Nxh8 Be6 10. bxc3 g6 11. O-O Bg7 12. Nxg6 hxg6 13. Ba3 {[%mdl 64] [#] Deflection} Qxa3 14. Bxe6 Qxc3 (14... Nbd7 {keeps fighting.} 15. Rb1 Qe7) 15. Rb1 {White is clearly winning.} b5 16. d4 {Hoping for Rb3.} Na6 17. Rb3 {Black got outplayed after the opening. Accuracy: White = 85%, Black =  4%.} 1-0

[Event "FIDE Online Steinitz Memorial Open"]
[Site "Internet"]
[Date "2020.05.17"]
[Round "17"]
[White "Mamedyarov, Shakhriyar"]
[Black "Anton Guijarro, David"]
[Result "1/2-1/2"]
[WhiteElo "2716"]
[BlackElo "2590"]
[Annotator "TA"]
[PlyCount "140"]
[EventDate "2020.05.15"]
[EventType "tourn"]
[SourceTitle "playchess.com"]
[Source "ChessBase"]
[SourceQuality "1"]

{[%evp 11,139,40,31,11,16,17,19,-18,-17,-15,-21,-29,-28,-27,-12,-17,-24,-18,-2,-52,-37,-50,-10,-51,-56,-101,-103,-130,-98,-227,-141,-361,-203,-238,-242,-251,-243,-382,-404,-380,-350,-352,-344,-346,-336,-339,-310,-374,-370,-343,-267,-296,-60,-547,-398,-404,-242,-441,-400,-398,-292,-297,-245,-245,-208,-209,-209,-231,-8,-8,-8,-8,-8,-8,-8,-8,-8,-8,-8,-8,-8,-8,-8,-8,-8,-8,-8,-8,-8,-8,-8,-8,-8,-8,-8,-8,-8,-8,-8,-8,-8,-8,-8,-8,0,-8,0,-8,-8,-8,-8,-8,-8,-8,-8,-8,-8,-8,-8,-8,-8,-8,-8,-8,-8,-8,-8,-8,-8,-8]} 1. d4 d5 2. c4 dxc4 3. Nf3 Nf6 4. e3 e6 5. Bxc4 a6 6. O-O c5 7. Re1 {D27: Queen's Gambit Accepted: Classical main line: 7 e4!? and 7 a4.} b5 8. Bd3 cxd4 {[#]} 9. Nxd4 $146 ({Predecessor:} 9. exd4 Be7 10. Nc3 O-O 11. Bg5 Nbd7 12. Ne5 Bb7 13. a3 Nd5 14. Bd2 Nxe5 15. Rxe5 Bf6 16. Rh5 g6 17. Nxd5 Bxd5 18. Qg4 Bg7 {1-0 (62) Kuzmin,G (2294)-Bicek,R (2013) Pardubice 2011}) 9... Bb7 10. a4 b4 11. b3 Nbd7 12. Bb2 Be7 13. Nd2 Nc5 14. Bc2 O-O 15. f3 Nd5 16. Nc4 Bf6 17. Rc1 g6 18. Bb1 {[#]} Rc8 $1 19. Kh1 Bg7 20. Bc2 (20. f4 $17) 20... Qe7 21. Qe2 $2 (21. Be4 $17) 21... Rfd8 (21... e5 $142 22. e4 Nc3 23. Bxc3 bxc3) 22. Qf2 {[#]} Nxa4 $1 {[%mdl 576] Deflection} 23. bxa4 Rxc4 24. Be4 {[#]} (24. Bb3 {keeps fighting.} Rcc8 25. Rxc8 Rxc8 26. Rc1) 24... Nxe3 $1 $19 {[%mdl 512]} 25. Bxb7 {Hoping for Nc6.} (25. Rxe3 Rxc1+) 25... Qxb7 ({Don't play} 25... Bxd4 26. Rxc4 Nxc4 27. Bxd4 $19) 26. Nxe6 Rxc1 (26... fxe6 $2 27. Qxe3 Rxc1 28. Qxc1 $19) 27. Bxc1 fxe6 28. Qxe3 Qd5 29. Qb6 b3 30. h3 Rc8 31. Ba3 h5 $2 (31... Bd4 $19 32. Qxe6+ Qxe6 33. Rxe6 b2 34. Bxb2 Bxb2) 32. Qxa6 $2 {[%mdl 8192]} ({White should try} 32. Rxe6 $15 b2 33. Bxb2 Bxb2 34. Re1 (34. Rxg6+ $2 Kf7 $19)) 32... Rc2 33. Qb6 b2 (33... Kh7 $142 34. Bc1 Ra2) 34. a5 $2 {[#]} (34. Bxb2 Bxb2 35. Qxe6+ Qxe6 36. Rxe6) 34... Qd2 $1 {[%csl Gc2][%cal Rd2g2][%mdl 576] Double Attack} 35. Rg1 {If only White now had time for a6....} Rc1 36. Bxb2 Rxg1+ ({Resist} 36... Qxb2 37. Qxb2 Bxb2 38. Rxc1 $19) 37. Kxg1 Qxb2 38. Qxe6+ Kh7 {Threatens to win with ...Bd4+.} 39. Qe1 Qa1 $2 ({Black should play} 39... Qa3 $19 40. Kh1 {[#]} Bc3 $1 {[%mdl 512]}) 40. Qxa1 $11 {The position is equal.} Bxa1 {[%mdl 4096] Endgame KB-KP} 41. a6 $1 Bd4+ 42. Kf1 Kh6 43. g3 Kg5 44. Ke2 Kf5 45. Kd3 Ba7 46. h4 $1 Ke5 47. Kc4 Bf2 {Strongly threatening ...Kd6.} 48. Kd3 $1 Kd5 {aiming for ...Kc6.} 49. Ke2 $1 {[%cal Re2f2]} Bd4 50. Kd3 Ba7 51. Ke2 Kd4 52. g4 Ke5 {White must now prevent ...Kf4.} 53. gxh5 gxh5 {And now ...Kf4 would win. KB-K3P} 54. Kf1 $1 Kf4 55. Kg2 $1 Kf5 56. Kg3 (56. f4 $5) 56... Bb6 57. Kg2 Ba7 58. Kg3 Bb6 {[#]} 59. a7 $1 {[%mdl 512]} Bxa7 {KB-KPP} 60. f4 Bb8 61. Kg2 Bxf4 {KB-KP} 62. Kh1 Bg5 63. Kg2 Bxh4 64. Kh1 Bf6 65. Kg2 h4 66. Kh1 h3 67. Kh2 Kg4 68. Kh1 Kg3 69. Kg1 Bd4+ 70. Kh1 h2 {Whites escaped into a draw. Accuracy: White = 66%, Black = 69%.} 1/2-1/2